| 000 | 00337nam a2200133 4500 | ||
|---|---|---|---|
| 008 | 230621b xxu||||| |||| 00| 0 eng d | ||
| 082 |
_a328.6 _bDAV |
||
| 100 | _cJ.W Davidson | ||
| 245 | _aThe Northern Rhodesian Legislative Council | ||
| 260 |
_aLondon _bFaber & Faber Limited |
||
| 300 | _a150p | ||
| 440 | _vVolume 3 | ||
| 942 |
_2ddc _cBK |
||
| 999 |
_c2202 _d2202 |
||